000 04553nab a2200349 i 4500
003 BR-BrBNA
005 20231018172023.0
008 231018b2016 bl.qr|pooa||| 00| 0 por |
040 _aBR-BrBNA
_bpor
072 _aK50
_b8909
100 _aArruda, Alcione da Silva
100 _aFaria, Rute Quelvia de
100 _aPeixoto, Nei
100 _aMoreira, Ana Silvia Franco Pinheiro
100 _aFloriano, Juliana Ferreira
100 _aGraeff, Carlos Frederico Oliveira
100 _aGonçalves, Pablo José
100 _aAlmeida, Luciane Madureira de
245 _aAvaliação da produção de látex em mangabeiras do cerrado goiano
500 _aPublicação on-line. Ind. Lit. EZ; Bibliography p. 946-948 (53 ref.); 4 tables; 2 illus.; Summaries (En, Pt)
520 _a RESUMO O látex de mangabeira, planta nativa do cerrado, apresenta potencial biotecnológico para desenvolvimento de novos fármacos. Pouco se sabe sobre os métodos de coleta e produtividade de látex em mangabeira, a qual vem sendo explorada comercialmente para produção de frutos de modo principalmente extrativista. Buscando informações sobre a utilização do látex de mangabeira foi avaliada, nesse trabalho, a produtividade do látex associada aos métodos de sangria; às condições ambientais; às características sazonais e anatômicas dessa espécie. Como resultado observou-se que o método de coleta utilizado comumente em seringueira não é apropriado para mangabeira, sendo a sangria feita com facão na região do caule o método mais produtivo. Em relação à anatomia da casca, a espessura, a posição e o número de vasos lactíferos influenciam na produção. Resultados também mostraram que a casca de mangabeira é espessa e que o número de vasos lactíferos é superior na região interna, evidenciando que sangrias utilizando cortes superficiais não são eficientes, pois não atingem os vasos lactíferos. Também, foi observado que o aumento da temperatura ambiental tem influência positiva na produtividade do látex e que na época da frutificação a produção de látex é significativamente inferior. Isso provavelmente ocorre porque a planta utiliza uma parcela dos seus metabólitos secundários para formação do fruto, gerando uma menor disponibilidade desses metabólitos para a produção de látex. Palavras-chave: Hancornia speciosa; extração de látex; características sazonais e anatômicas.
520 _a ABSTRACT The mangabeira latex, plant native from Cerrado, shows biotechnological potential for the development of new drugs. Little is known about the latex productivity and bleeding methods in mangabeira, which is usually utilized in extractive way for fruit production. Aiming to broaden the knowledge about mangabeira latex production it was evaluated the productivity associated with bleeding methods; environmental conditions; anatomical aspects from the bark and seasonal properties. As results it was observed that the bleeding method commonly used in rubber tree is not appropriated to mangabeira; the most productive bleeding method was using a knife in stalk region. The bark thickness and lactiferous vessels number are associated with latex production. Anatomical analysis showed that the bark in mangabeira is thick and the lactiferous vessels are deeply localized, in this way some superficial bleeding methods are not able to reach the vessels. It was also observed that the increase in environmental temperature has a positive influence on the productivity of latex and that during the fruiting time the latex production is significantly lower. This probably occurs because the plant uses part of the secondary metabolites for fruit formation, which reduced the availability of these metabolites to latex production. Keywords: Hancornia speciosa; latex extraction; anatomical and seasonal characteristics.
650 _aHANCORNIA SPECIOSA
650 _aMANGABA
650 _aEXTRAÇÃO
650 _aLATEX
650 _aANATOMIA VEGETAL
773 0 _04065
_9102038
_dSanta Maria-RS Universidade Federal de Santa Maria - Centro de Pesquisas Florestais.Departamento de Ciências Florestais. Programa de Pós-Graduação em Engenharia Florestal 1991
_o2023-436444
_tCiência Florestal (Brazil)
_x0103-9954; 1980-5098 (on-line)
_gv. 26(3) p. 939-948; (Jul-Sep 2016)
_wBR2023001230
856 _uhttps://www.scielo.br/j/cflo/a/kpRzDdGHJZSHP3Q47dNzdwj/?format=pdf&lang=pt
942 _cAnalítica
999 _c86527
_d86527